[Event "Almaty op"]
[Site "Almaty"]
[Date "2016.10.07"]
[Round "2"]
[White "Sanikidze, Tornike"]
[Black "Tukubayev, K."]
[Result "1/2-1/2"]
[WhiteElo "2501"]
[BlackElo "2220"]
[PlyCount "118"]
[EventDate "2016.10.06"]
[EventType "swiss"]
[EventRounds "9"]
[EventCountry "KAZ"]
[SourceTitle "EXT 2017"]
[Source "ChessBase"]
[SourceDate "2016.10.25"]
[SourceVersion "1"]
[SourceVersionDate "2016.10.25"]
[SourceQuality "1"]

1. d4 Nf6 2. Nc3 d5 3. Bf4 c5 4. e3 e6 5. Nb5 Na6 6. c3 Be7 7. dxc5 Bxc5 8. Bd3 0-0 9. b4 Be7 10. Nf3 Bd7 11. a4 h6 12. Ne5 Nb8 13. 0-0 a6 14. Nd4 Nc6 15. Bc2 Nxd4 16. Qxd4 Nh5 17. c4 Nxf4 18. exf4 Be8 19. Rfd1 Rc8 20. Qd3 g6 21. cxd5 exd5 22. Bb3 Qb6 23. Bxd5 Kg7 24. Qe4 Bxb4 25. a5 Bxa5 26. Rab1 Qc5 27. Rxb7 Rc7 28. f5 Rxb7 29. f6+ Kh7 30. Bxb7 Bb6 31. Ng4 Qg5 32. h3 h5 33. Qe7 Bc5 34. Qe5 Qxe5 35. Nxe5 a5 36. g4 a4 37. Nd7 Bxd7 38. Rxd7 hxg4 39. hxg4 g5 40. Be4+ Kh8 41. Rd5 Bb4 42. Rxg5 Rb8 43. Rh5+ Kg8 44. Bh7+ Kf8 45. Bc2 Kg8 46. Rg5+ Kf8 47. Bh7 Ke8 48. Bc2 Ra8 49. Be4 Ra6 50. Bd3 Rxf6 51. Bb5+ Ke7 52. Bxa4 Kd6 53. Rb5 Bc5 54. Rb2 Rg6 55. Rd2+ Ke5 56. Bd7 Rd6 57. Re2+ Kf4 58. Rc2 Rxd7 59. Rxc5 Kxg4 1/2-1/2

[Event "Pavlodar op"]
[Site "Pavlodar"]
[Date "2015.12.16"]
[Round "10"]
[White "Tukubayev, K."]
[Black "Marjina, Arina"]
[Result "1-0"]
[WhiteElo "2200"]
[BlackElo "2062"]
[PlyCount "62"]
[EventDate "2015.12.07"]
[EventType "swiss"]
[EventRounds "10"]
[EventCountry "KAZ"]
[SourceTitle "EXT 2017"]
[Source "ChessBase"]
[SourceDate "2016.10.25"]
[SourceVersion "1"]
[SourceVersionDate "2016.10.25"]
[SourceQuality "1"]

1. d4 Nf6 2. c4 g6 3. g3 Bg7 4. Bg2 0-0 5. Nf3 d6 6. 0-0 Nc6 7. Nc3 a6 8. e4 Bg4 9. Be3 Re8 10. Qb3 Bxf3 11. Bxf3 e5 12. dxe5 Nxe5 13. Bg2 Nfg4 14. Bd2 Rb8 15. h3 Nf6 16. a4 Nc6 17. a5 Nd4 18. Qd1 c5 19. Be3 b6 20. axb6 Rxb6 21. Ra2 Qb8 22. Bc1 Rb4 23. Qd3 Nd7 24. f4 Nb6 25. Kh1 Nxc4 26. Nd5 Nxb2 27. Qxa6 Rb3 28. Bxb2 Rxb2 29. Rxb2 Qxb2 30. Qxd6 Ne2 31. Kh2 c4 1-0

[Event "Pavlodar op"]
[Site "Pavlodar"]
[Date "2015.12.15"]
[Round "9"]
[White "Khabibullin, Rinat"]
[Black "Tukubayev, K."]
[Result "0-1"]
[WhiteElo "2052"]
[BlackElo "2200"]
[PlyCount "76"]
[EventDate "2015.12.07"]
[EventType "swiss"]
[EventRounds "10"]
[EventCountry "KAZ"]
[SourceTitle "EXT 2017"]
[Source "ChessBase"]
[SourceDate "2016.10.25"]
[SourceVersion "1"]
[SourceVersionDate "2016.10.25"]
[SourceQuality "1"]

1. e4 e5 2. Nf3 Nc6 3. Bb5 Nf6 4. 0-0 Nxe4 5. d4 Nd6 6. Bxc6 dxc6 7. dxe5 Nf5 8. Qxd8+ Kxd8 9. b3 h6 10. Bb2 Be6 11. Nbd2 b6 12. h3 c5 13. Rad1 Kc8 14. Kh2 Kb7 15. c4 a5 16. a4 g5 17. Ne4 Bg7 18. Rd2 Rhd8 19. Rfd1 Rxd2 20. Rxd2 Ne7 21. g4 Ng6 22. Nf6 Bxf6 23. exf6 b5 24. cxb5 Bxb3 25. Ne5 Nxe5 26. Bxe5 Re8 27. f4 Kc8 28. Kg3 c4 29. Rd5 Kb7 30. Rc5 Bxa4 31. Rxc7+ Kb6 32. Rxf7 c3 33. Re7 c2 34. Bd4+ Kxb5 35. Rc7 Bb3 36. fxg5 hxg5 37. f7 Rf8 38. Be3 Rxf7 0-1

[Event "Pavlodar op"]
[Site "Pavlodar"]
[Date "2015.12.08"]
[Round "2"]
[White "Rasulov, Vugar Ural Oglu"]
[Black "Tukubayev, K."]
[Result "1/2-1/2"]
[WhiteElo "2493"]
[BlackElo "2200"]
[PlyCount "57"]
[EventDate "2015.12.07"]
[EventType "swiss"]
[EventRounds "10"]
[EventCountry "KAZ"]
[SourceTitle "EXT 2017"]
[Source "ChessBase"]
[SourceDate "2016.10.25"]
[SourceVersion "1"]
[SourceVersionDate "2016.10.25"]
[SourceQuality "1"]

1. e4 e5 2. Nf3 Nf6 3. Nxe5 d6 4. Nf3 Nxe4 5. d4 d5 6. Bd3 Nc6 7. 0-0 Be7 8. Re1 Bg4 9. c3 f5 10. Nbd2 0-0 11. Qb3 Kh8 12. Qxb7 Rf6 13. Qb3 Rb8 14. Qa4 Bd6 15. Bb5 Ne7 16. Ne5 Bxe5 17. dxe5 Rfb6 18. Bf1 Ng6 19. Nxe4 dxe4 20. Be3 Rxb2 21. Bd4 Nf4 22. Qc4 Nd3 23. Re3 Nxf2 24. e6 f4 25. Ree1 e3 26. Be5 Qh4 27. Qxc7 Nh3+ 28. Kh1 Nf2+ 29. Kg1 1/2-1/2

[Event "Pavlodar op"]
[Site "Pavlodar"]
[Date "2015.12.08"]
[Round "3"]
[White "Tukubayev, K."]
[Black "Savchenko, Boris"]
[Result "0-1"]
[WhiteElo "2200"]
[BlackElo "2612"]
[PlyCount "70"]
[EventDate "2015.12.07"]
[EventType "swiss"]
[EventRounds "10"]
[EventCountry "KAZ"]
[SourceTitle "EXT 2017"]
[Source "ChessBase"]
[SourceDate "2016.10.25"]
[SourceVersion "1"]
[SourceVersionDate "2016.10.25"]
[SourceQuality "1"]

1. e4 c5 2. Nf3 Nc6 3. d4 cxd4 4. Nxd4 g6 5. Nxc6 bxc6 6. Qd4 Nf6 7. e5 Nd5 8. c4 Qb6 9. Qxb6 Nxb6 10. b3 Bg7 11. Bb2 d6 12. f4 c5 13. Nd2 Bb7 14. 0-0-0 dxe5 15. fxe5 0-0-0 16. Kc2 Rhf8 17. Re1 f5 18. Rg1 Rd7 19. Bc3 Rfd8 20. g3 Bh6 21. Re2 Na8 22. Ba5 Nc7 23. Bg2 Rd3 24. Bxb7+ Kxb7 25. g4 Ka6 26. Bc3 Be3 27. Rg3 f4 28. Rh3 Ne6 29. Rxh7 Ng5 30. Rg7 Rxc3+ 31. Kxc3 Bxd2+ 32. Kc2 Nf3 33. Rxg6+ Ka5 34. Kb2 Be3 35. e6 Rd1 0-1

[Event "Central Asia Cup 4th"]
[Site "Almaty"]
[Date "2015.11.28"]
[Round "8"]
[White "Akhmetov, Ayan"]
[Black "Tukubayev, K."]
[Result "1-0"]
[WhiteElo "2357"]
[BlackElo "2200"]
[PlyCount "89"]
[EventDate "2015.11.21"]
[EventType "swiss"]
[EventRounds "9"]
[EventCountry "KAZ"]
[SourceTitle "CBM 169 Extra"]
[Source "ChessBase"]
[SourceDate "2015.12.18"]
[SourceVersion "1"]
[SourceVersionDate "2015.12.18"]
[SourceQuality "1"]

1. c4 c5 2. g3 Nc6 3. Bg2 g6 4. Nf3 Bg7 5. 0-0 e6 6. Nc3 Nge7 7. d3 0-0 8. Rb1 d5 9. cxd5 exd5 10. Bf4 b6 11. Qc1 Bb7 12. Nb5 Nf5 13. Re1 a6 14. Nc3 Re8 15. a3 Rc8 16. Qd2 Ncd4 17. Rbd1 b5 18. Nxd4 Nxd4 19. e4 dxe4 20. dxe4 Qa5 21. Qc1 Nb3 22. Qb1 c4 23. Nd5 Nc5 24. Nb4 c3 25. bxc3 Bxc3 26. Re3 Qxa3 27. Na2 Na4 28. e5 Bxg2 29. Kxg2 Qe7 30. Qb3 Qe6 31. Qb1 Rc6 32. Kg1 Qg4 33. Rc1 Rec8 34. e6 fxe6 35. Qd3 Qf5 36. Qe2 Bd4 37. Rxc6 Rxc6 38. Rd3 Rc4 39. Bh6 Qh3 40. Rf3 Bg7 41. Bxg7 Kxg7 42. Qe5+ Kh6 43. Rf7 Nc5 44. Qe3+ g5 45. Qe5 1-0

[Event "Albena op-A"]
[Site "Albena"]
[Date "2015.06.20"]
[Round "4"]
[White "Tukubayev, K."]
[Black "Dukaczewski, Piotr"]
[Result "1-0"]
[WhiteElo "2165"]
[BlackElo "2293"]
[PlyCount "85"]
[EventDate "2015.06.17"]
[EventType "swiss"]
[EventRounds "9"]
[EventCountry "BUL"]
[SourceTitle "CBM 167 Extra"]
[Source "ChessBase"]
[SourceDate "2015.09.14"]
[SourceVersion "1"]
[SourceVersionDate "2015.09.14"]
[SourceQuality "1"]

1. d4 d5 2. Nf3 Nf6 3. c4 dxc4 4. Nc3 a6 5. a4 Nc6 6. e3 Na5 7. Be2 c6 8. 0-0 g6 9. e4 Bg7 10. e5 Nd5 11. Nd2 Nxc3 12. bxc3 Be6 13. Ba3 b5 14. Ne4 Nb3 15. Ra2 Bd5 16. Ng5 h6 17. Nh3 0-0 18. f4 f5 19. exf6 Rxf6 20. Bf3 Ra7 21. Re2 Bxf3 22. Rxf3 c5 23. Rfe3 Rd6 24. Qe1 b4 25. Bb2 bxc3 26. Qxc3 Rxd4 27. Qc2 Kh7 28. f5 Rad7 29. fxg6+ Kh8 30. Bxd4 cxd4 31. Rf3 d3 32. Qxc4 dxe2 33. Kf2 Rd2 34. Nf4 Rd4 35. Qf7 e1Q+ 36. Kxe1 Qa5+ 37. Kf2 Qd2+ 38. Kg3 Rd8 39. Qxe7 a5 40. Qc7 Qe1+ 41. Kh3 Qe8 42. Rxb3 Qg8 43. Rb7 1-0

[Event "Golden Sands op-B"]
[Site "Golden Sands"]
[Date "2015.06.15"]
[Round "8"]
[White "Tukubayev, K."]
[Black "Ustianovich, Nazar"]
[Result "1/2-1/2"]
[WhiteElo "2165"]
[BlackElo "2244"]
[PlyCount "191"]
[EventDate "2015.06.08"]
[EventType "swiss"]
[EventRounds "9"]
[EventCountry "BUL"]
[SourceTitle "CBM 167 Extra"]
[Source "ChessBase"]
[SourceDate "2015.09.14"]
[SourceVersion "1"]
[SourceVersionDate "2015.09.14"]
[SourceQuality "1"]

1. d4 d5 2. Nf3 Nf6 3. c4 c6 4. e3 a6 5. Bd3 e6 6. 0-0 dxc4 7. Bxc4 c5 8. Be2 Nbd7 9. b3 b6 10. Bb2 Bb7 11. Nbd2 Be7 12. Rc1 0-0 13. Nc4 Qb8 14. dxc5 Bxc5 15. Nfe5 Rd8 16. Nxd7 Rxd7 17. Qe1 Qf8 18. a3 a5 19. Qc3 Ne4 20. Qe1 Rad8 21. Rc2 Bd5 22. Qa1 Bxc4 23. bxc4 f6 24. Rd1 Rxd1+ 25. Bxd1 Qd6 26. Be2 Kf7 27. g3 Ke7 28. Kg2 Rd7 29. Qa2 Ng5 30. Qb3 Qc6+ 31. f3 Qd6 32. Bc1 Nf7 33. Rd2 Qc7 34. Rxd7+ Qxd7 35. Qc2 g6 36. h4 Qd6 37. Qd3 Qxd3 38. Bxd3 Ne5 39. Be2 Nd7 40. g4 h6 41. f4 f5 42. g5 hxg5 43. hxg5 e5 44. Bd1 Nf8 45. Ba4 Ne6 46. Kg3 Bd6 47. Kf3 Nc5 48. Bc2 Ne6 49. Ba4 Nc5 50. Bc2 Ne6 51. Ba4 Bc7 52. Bd1 Bd6 53. Ba4 Nc5 54. Bc2 Ne6 55. Ba4 Bb8 56. Bd1 Nc5 57. Bc2 Ne6 58. Bd1 Kf8 59. Ba4 Nc5 60. Bc2 Ne6 61. Bd1 Kf7 62. Ba4 Bc7 63. Bd1 Ke7 64. Ba4 Bb8 65. Bd2 Bd6 66. Bc1 Kf7 67. Bd1 Ke7 68. Ba4 Bb8 69. Bd2 Bc7 70. Bc1 Bd6 71. Bd1 Kd8 72. Ba4 Bc7 73. Bd2 Bd6 74. Bc1 Nc5 75. Bc2 Ne6 76. Ba4 Bf8 77. Ke2 Bd6 78. Kf3 Nc5 79. Bc2 Ne6 80. Ba4 Ke7 81. Bd1 Kf8 82. Ba4 Ke7 83. Bd1 Bb8 84. Ba4 Bc7 85. Bd2 Bd6 86. Bc1 Nc5 87. Bc2 Ne6 88. Ba4 Kd8 89. Bd1 Ke7 90. Ba4 Kf7 91. Bd1 Nc5 92. Bc2 exf4 93. exf4 Bf8 94. Be3 Bg7 95. Bxc5 bxc5 96. a4 1/2-1/2

[Event "Moscow op-A"]
[Site "Moscow"]
[Date "2015.02.08"]
[Round "9"]
[White "Tukubayev, K."]
[Black "Tutisani, Noe"]
[Result "0-1"]
[WhiteElo "2157"]
[BlackElo "2308"]
[PlyCount "52"]
[EventDate "2015.01.31"]
[EventType "swiss"]
[EventRounds "9"]
[EventCountry "RUS"]
[SourceTitle "CBM 164 Extra"]
[Source "ChessBase"]
[SourceDate "2015.03.02"]
[SourceVersion "1"]
[SourceVersionDate "2015.03.02"]
[SourceQuality "1"]

1. d4 Nf6 2. c4 g6 3. Nc3 Bg7 4. e4 d6 5. Nf3 0-0 6. Be2 Nbd7 7. 0-0 e5 8. d5 Nc5 9. Qc2 a5 10. Bg5 h6 11. Bh4 g5 12. Bg3 Nh5 13. Nd2 Nf4 14. Rfe1 f5 15. exf5 Bxf5 16. Nde4 c6 17. dxc6 bxc6 18. Rad1 Nfe6 19. Bf1 Nd4 20. Qc1 Nce6 21. c5 d5 22. Nd6 Bg4 23. Ne2 e4 24. Nxd4 Bxd4 25. Be2 Bxe2 26. Rxe2 Qf6 0-1

[Event "Moscow op-A"]
[Site "Moscow"]
[Date "2015.02.02"]
[Round "3"]
[White "Golubev, Roman"]
[Black "Tukubayev, K."]
[Result "1/2-1/2"]
[WhiteElo "2348"]
[BlackElo "2157"]
[PlyCount "115"]
[EventDate "2015.01.31"]
[EventType "swiss"]
[EventRounds "9"]
[EventCountry "RUS"]
[SourceTitle "CBM 164 Extra"]
[Source "ChessBase"]
[SourceDate "2015.03.02"]
[SourceVersion "1"]
[SourceVersionDate "2015.03.02"]
[SourceQuality "1"]

1. e4 e5 2. Nf3 Nf6 3. Nxe5 d6 4. Nf3 Nxe4 5. Nc3 Nxc3 6. dxc3 Be7 7. Bf4 Nc6 8. Qd2 Bg4 9. Be2 Qd7 10. h3 Bf5 11. 0-0-0 0-0-0 12. Rhe1 Rhe8 13. g4 Be4 14. Nd4 Bh4 15. Bb5 a6 16. Ba4 b5 17. Bb3 Na5 18. Rxe4 Rxe4 19. Bd5 Qe8 20. Bxe4 Qxe4 21. f3 Qd5 22. b3 Bf6 23. Qe3 Nc6 24. g5 Bxd4 25. cxd4 Kd7 26. Kb2 b4 27. Qd3 a5 28. Qxh7 g6 29. Qh4 Qxf3 30. Rd3 Qh5 31. Qf2 Ne7 32. d5 Ra8 33. Kb1 Nf5 34. Qf1 Re8 35. Rd2 Re4 36. Rf2 Qh4 37. Bc1 Re5 38. Qb5+ Ke7 39. Rf4 Qxh3 40. Rc4 Qh1 41. Rxc7+ Kf8 42. Rc8+ Kg7 43. Qb8 Qh7 44. a3 Re1 45. Re8 Rxe8 46. Qxe8 Qh1 47. axb4 axb4 48. Qd8 Qe1 49. Qf6+ Kg8 50. Qd8+ Kg7 51. Qb8 Nd4 52. Qxd6 Ne2 53. Qe5+ Kg8 54. Qe3 Nc3+ 55. Ka1 Qf1 56. Qe8+ Kh7 57. Kb2 Nd1+ 58. Kb1 1/2-1/2

[Event "Moscow op-A"]
[Site "Moscow"]
[Date "2015.01.31"]
[Round "1"]
[White "Sadykov, Ramil"]
[Black "Tukubayev, K."]
[Result "1-0"]
[WhiteElo "2403"]
[BlackElo "2157"]
[PlyCount "75"]
[EventDate "2015.01.31"]
[EventType "swiss"]
[EventRounds "9"]
[EventCountry "RUS"]
[SourceTitle "CBM 164 Extra"]
[Source "ChessBase"]
[SourceDate "2015.03.02"]
[SourceVersion "1"]
[SourceVersionDate "2015.03.02"]
[SourceQuality "1"]

1. e4 e5 2. Nf3 Nf6 3. d3 Nc6 4. c3 d5 5. Nbd2 Be7 6. g3 0-0 7. Qc2 Re8 8. Bg2 Bf8 9. 0-0 Bg4 10. h3 Bh5 11. Re1 Qd7 12. g4 dxe4 13. dxe4 Bg6 14. Nh4 Rad8 15. Nc4 Qe6 16. Ne3 h6 17. Nhf5 Nb8 18. Qb3 Qxb3 19. axb3 a6 20. b4 Nbd7 21. Nc4 Rb8 22. f4 Rbc8 23. fxe5 Nxe5 24. Nxe5 Rxe5 25. Bf4 Rb5 26. e5 Ne8 27. Nd4 Rb6 28. Nb3 Bc2 29. Na5 Rb8 30. Bd5 Be7 31. Nc4 Rb5 32. Ne3 Bg6 33. Bc4 Rb6 34. Rad1 Bh4 35. Re2 Be4 36. Rd4 Bf3 37. Red2 Be7 38. Rd7 1-0

[Event "Izhevsk Corporation Cup 6th"]
[Site "Izhevsk"]
[Date "2014.07.19"]
[Round "7"]
[White "Tukubayev, K."]
[Black "Martynyuk, Elizaveta"]
[Result "1/2-1/2"]
[WhiteElo "2189"]
[BlackElo "2028"]
[PlyCount "82"]
[EventDate "2014.07.12"]
[EventType "swiss"]
[EventRounds "9"]
[EventCountry "RUS"]
[SourceTitle "CBM 161 Extra"]
[Source "ChessBase"]
[SourceDate "2014.08.29"]
[SourceVersion "1"]
[SourceVersionDate "2014.08.29"]
[SourceQuality "1"]

1. d4 d5 2. c4 c6 3. Nf3 Nf6 4. Nc3 dxc4 5. a4 e6 6. e3 c5 7. Bxc4 Nc6 8. 0-0 Be7 9. Qe2 cxd4 10. exd4 0-0 11. Rd1 Nb4 12. Ne5 Nbd5 13. Qf3 Nxc3 14. bxc3 Nd7 15. Ng4 Qc7 16. Bd3 f5 17. Ne3 b6 18. Bc4 Bb7 19. Bxe6+ Kh8 20. Bd5 f4 21. Bxb7 fxe3 22. Qxe3 Rae8 23. Bd5 Bh4 24. Qd3 Bxf2+ 25. Kh1 Be1 26. Ba3 Re3 27. Qxe3 Rf1+ 28. Qg1 Rxg1+ 29. Kxg1 Bxc3 30. Rac1 Nf6 31. Bf3 b5 32. axb5 Qa5 33. Bc5 g5 34. Bc6 Bd2 35. Ra1 Qc3 36. Bf3 g4 37. Bc6 g3 38. h3 Qe3+ 39. Kh1 Ng4 40. hxg4 Qh6+ 41. Kg1 Qe3+ 1/2-1/2

[Event "Izhevsk Corporation Cup 6th"]
[Site "Izhevsk"]
[Date "2014.07.18"]
[Round "6"]
[White "Sedykh, Egor"]
[Black "Tukubayev, K."]
[Result "0-1"]
[WhiteElo "1909"]
[BlackElo "2189"]
[PlyCount "97"]
[EventDate "2014.07.12"]
[EventType "swiss"]
[EventRounds "9"]
[EventCountry "RUS"]
[SourceTitle "CBM 161 Extra"]
[Source "ChessBase"]
[SourceDate "2014.08.29"]
[SourceVersion "1"]
[SourceVersionDate "2014.08.29"]
[SourceQuality "1"]

1. d4 Nf6 2. c4 e6 3. g3 c5 4. d5 exd5 5. cxd5 d6 6. Nc3 g6 7. Bg2 Bg7 8. Nf3 0-0 9. 0-0 Re8 10. Nd2 a6 11. a4 Nbd7 12. Nc4 Ne5 13. Na3 Qc7 14. h3 Rb8 15. f4 Ned7 16. e4 c4 17. Qe2 b5 18. axb5 axb5 19. Naxb5 Rxb5 20. Nxb5 Qc5+ 21. Be3 Qxb5 22. Bf2 Nxd5 23. Rfd1 Nb4 24. Rxd6 Nd3 25. e5 Qb4 26. Qc2 Nxf2 27. Kxf2 Bf8 28. Rdd1 Bc5+ 29. Kf1 Nf8 30. Qd2 Qb6 31. Qa5 Bf5 32. Qxb6 Bxb6 33. Rd6 Bd3+ 34. Ke1 Bc5 35. Rd5 Ne6 36. Bf1 Be4 37. Rd7 Bc6 38. Rdd1 Rb8 39. Bxc4 Rxb2 40. Ra2 Bf2+ 41. Kf1 Rxa2 42. Bxa2 Bxg3 43. Rd6 Be4 44. Bxe6 fxe6 45. Rxe6 Bf5 46. Rf6 Kg7 47. Kg2 Bxf4 48. Rd6 Bxe5 49. Ra6 0-1

[Event "Izhevsk Corporation Cup 6th"]
[Site "Izhevsk"]
[Date "2014.07.15"]
[Round "4"]
[White "Kozionov, Kirill"]
[Black "Tukubayev, K."]
[Result "1-0"]
[WhiteElo "2393"]
[BlackElo "2189"]
[PlyCount "67"]
[EventDate "2014.07.12"]
[EventType "swiss"]
[EventRounds "9"]
[EventCountry "RUS"]
[SourceTitle "CBM 161 Extra"]
[Source "ChessBase"]
[SourceDate "2014.08.29"]
[SourceVersion "1"]
[SourceVersionDate "2014.08.29"]
[SourceQuality "1"]

1. e4 e5 2. Nf3 Nc6 3. Bc4 Nf6 4. Ng5 d5 5. exd5 Na5 6. Bb5+ c6 7. dxc6 bxc6 8. Bd3 Be7 9. Nc3 0-0 10. 0-0 Nb7 11. Re1 Nc5 12. Bc4 h6 13. Nge4 Ncxe4 14. Nxe4 Nd5 15. Nc3 Bc5 16. d3 Bd4 17. Nxd5 cxd5 18. Bb3 Be6 19. Qf3 f5 20. c3 e4 21. Qh3 Qd7 22. cxd4 f4 23. Qh5 e3 24. Bxe3 fxe3 25. Rxe3 Rf5 26. Qe2 Rf6 27. Re1 Bf7 28. Re7 Qf5 29. Re5 Qd7 30. h3 Rf8 31. Qe3 a5 32. Bd1 Qb5 33. b3 Kh8 34. Bf3 1-0

[Event "Izhevsk Corporation Cup 6th"]
[Site "Izhevsk"]
[Date "2014.07.13"]
[Round "2"]
[White "Makarenko, Alexandra"]
[Black "Tukubayev, K."]
[Result "1/2-1/2"]
[WhiteElo "2064"]
[BlackElo "2189"]
[PlyCount "83"]
[EventDate "2014.07.12"]
[EventType "swiss"]
[EventRounds "9"]
[EventCountry "RUS"]
[SourceTitle "CBM 161 Extra"]
[Source "ChessBase"]
[SourceDate "2014.08.29"]
[SourceVersion "1"]
[SourceVersionDate "2014.08.29"]
[SourceQuality "1"]

1. e4 e5 2. Nf3 Nc6 3. Bb5 Nf6 4. 0-0 Nxe4 5. Re1 Nd6 6. Nxe5 Be7 7. Bf1 Nxe5 8. Rxe5 0-0 9. d4 Bf6 10. Re1 Nf5 11. d5 d6 12. Nd2 c6 13. c4 c5 14. Ne4 Be7 15. Bf4 Nh4 16. Qh5 g6 17. Qe2 Nf5 18. Rad1 Nd4 19. Rxd4 cxd4 20. Bh6 f5 21. Bxf8 Bxf8 22. Nd2 Qf6 23. Nf3 Bd7 24. Qd2 Re8 25. Rd1 Bg7 26. Qxd4 Qxd4 27. Nxd4 b6 28. b4 g5 29. g3 Kf7 30. Kg2 Bf6 31. Rd2 Re4 32. Nc6 a6 33. Nb8 Bc8 34. c5 bxc5 35. bxc5 dxc5 36. Bxa6 Bxa6 37. Nxa6 c4 38. Nc5 Re1 39. d6 c3 40. Rc2 Rd1 41. Kf3 Rxd6 42. Ke2 1/2-1/2